Ensiklopedia dunia Melayu : (Record no. 42106)

MARC details
000 -LEADER
fixed length control field 00702nam a2200241 i 4500
001 - CONTROL NUMBER
control field C2-0133651
003 - CONTROL NUMBER IDENTIFIER
control field PPAK
005 - DATE AND TIME OF LATEST TRANSACTION
control field 20180727123513.0
008 - FIXED-LENGTH DATA ELEMENTS--GENERAL INFORMATION
fixed length control field 971201s1997 my a|||| ||||| | may d
020 ## - INTERNATIONAL STANDARD BOOK NUMBER
International Standard Book Number 9830370399
040 ## - CATALOGING SOURCE
Original cataloging agency PPAK
Language of cataloging eng
Transcribing agency PPAK
Description conventions rda
082 04 - DEWEY DECIMAL CLASSIFICATION NUMBER
Classification number 039.992302
Edition number 23
090 00 - LOCALLY ASSIGNED LC-TYPE CALL NUMBER (OCLC); LOCAL CALL NUMBER (RLIN)
Classification number (OCLC) (R) ; Classification number, CALL (RLIN) (NR) 039.992302
Feature heading ENS
Feature heading KK
Classification number (OCLC) (R) ; Classification number, CALL (RLIN) (NR) 039.992302
Feature heading ENS
Feature heading R
245 00 - TITLE STATEMENT
Title Ensiklopedia dunia Melayu :
Remainder of title jilid 2 : Beting - Gurindam
264 #1 - PRODUCTION, PUBLICATION, DISTRIBUTION, MANUFACTURE, AND COPYRIGHT NOTICE
Place of production, publication, distribution, manufacture Kuala Lumpur :
Name of producer, publisher, distributor, manufacturer Piramid Perdana ,
Date of production, publication, distribution, manufacture, or copyright notice 1997
300 ## - PHYSICAL DESCRIPTION
Extent 300 pages :
Other physical details illustrations ;
Dimensions 28 cm
336 ## - CONTENT TYPE
Source rdacontent
Content type term text
337 ## - MEDIA TYPE
Source rdamedia
Media type term unmediated
338 ## - CARRIER TYPE
Source rdacarrier
Carrier type term volume
650 10 - SUBJECT ADDED ENTRY--TOPICAL TERM
Topical term or geographic name entry element Encyclopedia and dictionaries
942 ## - ADDED ENTRY ELEMENTS (KOHA)
-- dc
Koha item type Book
Holdings
Withdrawn Not for loan Current library Shelving location Date acquired Full call number Barcode Date last seen Koha item type
  Not For Loan Perpustakaan Alor Setar Rujukan Dewasa 01/12/1997 R 039.992302 ENS A00094375 08/05/2018 Book
  Not For Loan Perpustakaan Alor Setar Koleksi Kedah 04/07/1998 KK 039.992302 ENS A00151949 08/05/2018 Book
  Not For Loan Perpustakaan Awam Sungai Petani Rujukan Dewasa 01/12/1997 R 039.992302 ENS A00094376 08/05/2018 Book
  Not For Loan Perpustakaan Bandar Baharu Rujukan Dewasa 26/09/2000 R 039.992302 ENS A00942690 08/05/2018 Book
  Not For Loan Perpustakaan Jitra Rujukan Dewasa 01/12/1997 R 039.992302 ENS A00094377 08/05/2018 Book
  Not For Loan Perpustakaan Langkawi Rujukan Dewasa 01/12/1997 R 039.992302 ENS A00094378 08/05/2018 Book